[Event "Beersheba 16th"]
[Site "Beersheba"]
[Date "1997.02.28"]
[Round "5"]
[White "Kortschnoj, Viktor Lvovich"]
[Black "Finkel, Alexander"]
[Result "1-0"]
[WhiteElo "2635"]
[BlackElo "2505"]
[Annotator "Kortschnoj,V"]
[PlyCount "115"]
[EventDate "1997.02.24"]
[EventType "tourn"]
[EventRounds "11"]
[EventCountry "ISR"]
[EventCategory "12"]
[SourceTitle "CBM 058"]
[Source "ChessBase"]
[SourceDate "1997.06.01"]
[SourceVersion "1"]
[SourceVersionDate "1997.06.01"]
[SourceQuality "1"]

1. d4 {Hecht Ftacnik} Nf6 2. c4 g6 3. Nc3 d5 4. cxd5 Nxd5 5. e4 Nxc3 6. bxc3
Bg7 7. Bb5+ c6 8. Ba4 b5 (8... O-O 9. Nf3 (9. Ne2 e5 $11) 9... c5 $11) 9. Bb3
a5 (9... O-O {Ftacnik} 10. Ne2 a5 (10... Bb7 11. O-O c5 12. d5 Nd7 13. Bg5 Nf6
14. f3 Qb6 15. Kh1 Rfd8 16. Rb1 h6 17. Bh4 e6 18. c4 Qc7 19. Nc3 a6 20. cxb5 c4
21. b6 Qe5 22. Ne2 exd5 23. f4 Qh5 {Korotylev,A-Svidler,P/St.Petersburg op (06)
/1994/0-1 (32)}) 11. O-O (11. a3 Nd7 12. Bg5 h6 13. Bh4 Qc7 (13... Nb6 {
Ernst /\ 14..Qc7,15..c5}) 14. O-O (14. Bxe7 $6 Re8 15. Bh4 Rxe4) 14... c5 $2 (
14... Nb6 $5 $13) 15. Bxe7 (15. Bd5 Bb7 16. Bxe7 Rfe8 17. Bd6 Qxd6 18. Bxb7
Rab8 19. Bd5 c4 20. Qc1 Nb6 21. Qf4 Qd7 $14) 15... Re8 16. d5 $1 Qe5 (16...
Rxe7 17. d6 $18) 17. d6 {1-0 Atalik,S-Chabanon,J/Peristeri (06)/1994 (22)}) (
11. a4 Ra7 (11... b4 12. Be3 bxc3 13. Rc1 Na6 14. Nxc3 Nb4 15. Bc4 Ra7 16. e5
c5 17. Bb5 Bb7 18. O-O cxd4 19. Qxd4 Qxd4 20. Bxd4 Raa8 21. f4 {Ulibin,M-Lin
Weiguo/Beijing Lee Cup (04)/1996/1/2-1/2 (50)}) 12. O-O Na6 13. Be3 Rd7 14. Qc1
b4 15. Rd1 bxc3 16. e5 c2 17. Qxc2 Nb4 18. Qc5 Ba6 19. Ng3 Kh8 20. Ne4 Bd3 21.
f3 Bxe4 22. fxe4 e6 23. Rf1 Re8 24. Rad1 {Georgadze,G-Tocchioni,D/Forli op (04)
/1992/1-0 (33)}) 11... Bb7 (11... Nd7 12. Bg5 Nb6 13. a3 Qc7 14. Qd2 c5 15. Bh6
Bxh6 16. Qxh6 Ba6 17. Nf4 c4 18. Bc2 e5 19. Ne2 b4 20. axb4 axb4 21. f4 exd4
22. f5 Nd7 23. Nxd4 Qe5 24. Nf3 {Kramnik,V-Kasparov,G (1)/Paris Immopar (25') 
(1)/1992/0.5 (30)}) (11... a4 12. Bc2 Na6 13. Ba3 c5 14. Rb1 Rb8 15. dxc5 Qc7
16. Qd3 Rd8 17. Qe3 Be6 18. Bd3 Qd7 $1 {Kortschnoj,V-Gulko,B/Beersheba/1993/0.
5 (36)}) 12. Be3 Nd7 13. Qc1 Re8 14. Bh6 c5 15. Bxg7 Kxg7 16. Qf4 c4 17. Bc2 e5
18. dxe5 Nxe5 19. Nd4 b4 20. Qg3 Kh8 21. Rfe1 a4 22. Rad1 Qb6 23. cxb4 Qxb4 {
Khasin,Ab-Meszaros,I/WchS Wildbad (06)/1993/1-0 (57)}) 10. Nf3 $14 (10. Qf3 {
Ftacnik} O-O 11. Ne2 a4 12. Bc2 e5 (12... Nd7 13. e5 Bb7 14. h4 Re8 15. e6 Nf6
16. h5 Bc8 17. Nf4 g5 18. exf7+ Kxf7 19. Nd3 Qd5 20. Ne5+ Kg8 21. h6 Bh8 22.
Bxg5 {1-0 Reeh,O-Wilhelmi,C/Hamburg Wichern-op (07)/1995 (30)}) 13. Ba3 Re8 14.
O-O Nd7 15. Rfd1 Nb6 16. Bd3 exd4 17. cxd4 Qh4 18. Rac1 Nc4 19. Bxc4 bxc4 20.
e5 Ra6 21. h3 Bf5 22. Rxc4 {Robatsch,K-Banas,J/Trnava/1987/1-0 (65)}) 10... O-O
(10... a4 {Ftacnik} 11. Bc2 O-O 12. O-O Nd7 13. Rb1 Nb6 14. Bd3 Be6 15. d5 cxd5
16. Rxb5 dxe4 17. Bxe4 Bc4 18. Qxd8 Raxd8 19. Rxb6 Bxf1 20. Ba3 Bd3 21. Bc6 Rb8
{0-1 Janocha,W-Pribyl,J/Pardubice op (08)/1992 (27)}) 11. O-O c5 12. Rb1 (12.
Bd5 {Ftacnik} Ra6 13. dxc5 Qc7 $11) 12... Ba6 13. Re1 Nc6 (13... b4 $5 14. cxb4
(14. Bd5 {Ftacnik} Ra7 15. cxb4 cxb4 16. Bg5 $14) 14... axb4 15. dxc5 Bd3 (
15... Nc6 $14) 16. Rb2 $1 $40) 14. d5 $6 (14. e5 $142 $1 {Finkel} cxd4 (14...
e6 15. d5 c4 16. Bxc4 bxc4 17. dxc6 $16) 15. cxd4 Nb4 16. Bd2 $16) 14... Ne5
15. Bf4 Qd6 (15... Nxf3+ {Ftacnik} 16. Qxf3 c4 17. Bc2 Qd7 18. Qe3 $14) 16.
Nxe5 Bxe5 17. Bxe5 Qxe5 18. Qd2 $13 Rab8 (18... b4 $5 19. Rbc1 {Ftacnik} c4 20.
Ba4 $14) 19. f4 Qc7 20. e5 Rfd8 21. Rbd1 c4 22. Bc2 Qc5+ 23. Kh1 (23. Qe3 $2 {
Ftacnik} Rxd5 $1) 23... e6 $2 (23... b4 $1 $13 24. cxb4 {Ftacnik} axb4 25. f5
$40) 24. d6 b4 25. f5 $16 exf5 {[#] [#]} 26. Bxf5 bxc3 (26... gxf5 27. Qg5+ Kh8
(27... Kf8 {Ftacnik} 28. e6 $18) 28. Re3 $18) 27. Qg5 $2 (27. Qxc3 $1 gxf5 28.
Qg3+ Kh8 29. Qg5 (29. Qh4 $40 {Ftacnik}) 29... c3 30. Qf6+ (30. Re3 $2 Qxe3 31.
Qxe3 c2 $13) 30... Kg8 31. e6 $1 $18) 27... Bb5 28. Rc1 Bd7 $14 29. Bxd7 (29.
Bc2 {Ftacnik} Re8) 29... Rxd7 30. Qg4 (30. Rxc3 $2 Rxd6 $15) 30... Rdb7 31. Qe4
c2 (31... Rb5 {Ftacnik} 32. h3) 32. Qxc2 (32. Rxc2 {Ftacnik} Rb1 $1 33. Rcc1
Rxc1 34. Rxc1 c3 $13) 32... Rb2 33. Qe4 (33. Qxc4 Qxc4 34. Rxc4 Rd2 $14) 33...
c3 (33... Rxa2 {Ftacnik} 34. Rxc4 Qf2 35. Rcc1 $16) 34. h3 Rd2 (34... Rxa2 {
Ftacnik} 35. e6 $1 f5 (35... Qxd6 36. exf7+ Kg7 (36... Kxf7 $2 37. Qc4+ $18)
37. Rf1 (37. Qe8 Rf2 38. Rf1 Rf5 39. Rxf5 gxf5 40. f8=Q+ Qxf8 41. Qe5+ $14)
37... Rf8 38. Rxc3 $16) 36. Qe5 Qc6 37. Rg1 $18) 35. Rf1 Re8 (35... Rbb2 $2 36.
e6 $18) (35... Qd5 $5) (35... c2 $5 {Ftacnik} 36. Qf3 (36. e6 $2 f5 $1 $17)
36... Qc4) 36. Qf3 Qd5 (36... Qc4 {Ftacnik} 37. Rxc3 Qxa2 38. Rb3 Rf8 39. e6
$18) 37. Rxc3 Qxf3 $138 (37... Rxe5 {Ftacnik} 38. Rc8+ Kg7 39. Qxd5 Rexd5 40.
Rc7 $16) 38. Rcxf3 {[#] Hecht sehr gutes Zusammensiel der weißen Türme führt
zu Bauerngewinn und Abdrängung des schwarzen Königs.} Rxe5 39. Rxf7 Rxd6 (39...
Ree2 $2 {Ftacnik} 40. d7 $18) 40. Rf8+ Kg7 41. R1f7+ Kh6 42. Rh8 $14 Kg5 43.
Rhxh7 Re2 (43... Rd2 $1 44. Rf3 Rxa2 45. Rg3+ (45. h4+ Kg4 46. Kh2 Rh5 $11)
45... Kf6 $13) 44. Rf3 (44. a3 $2 {Ftacnik} Rd1+ 45. Kh2 Rdd2) 44... Rxa2 45.
h4+ Kg4 46. Kh2 Rad2 (46... Ra4 47. Rh6 Rf4 48. Rg3+ Kf5 49. Rg5+ $14) (46...
a4 {Ftacnik} 47. Rh6 a3 48. Rg3+ Kf5 49. Rg5+ $16) 47. Rg3+ Kf5 48. Rf7+ Ke6 (
48... Rf6 $4 {Ftacnik} 49. Rf3+ $18) 49. Rg7 Kf5 50. Rg5+ Kf4 51. Rf7+ $2 (51.
R7xg6 $142 $18 Rxg6 {Ftacnik} 52. Rxg6 $16) 51... Ke4 52. Rxa5 R2d5 (52... Rc6
$5 {Hecht mit der Idee T2d6}) 53. Rxd5 Kxd5 (53... Rxd5 54. Kh3 (54. Rf6 g5 (
54... Rh5 {Ftacnik} 55. Kg3 $18) 55. Kh3 gxh4 56. Kxh4 $18) 54... Ke5 $11) 54.
Re7 $18 Ra6 (54... Re6 {Ftacnik} 55. Rxe6 Kxe6 56. Kg3 Kf5 57. Kf3 $18 (57. Kf3
{Hecht} g5 (57... Kf6 58. Kf4 Kf7 59. Kg5 Kg7 60. g4 Kf7 61. Kh6 Kf6 62. g5+
Kf5 63. h5 $18) 58. g4+ Kf6 59. h5 $18)) 55. Kh3 Kd6 56. Re4 Kd5 $2 (56... Kd7
$142 57. Kg4 Ra5 58. Kf4 Rf5+ 59. Ke3 Ra5 60. Rg4 Ra6 61. Kf4 Ke7 62. Kg5 Kf7
63. Kh6 $18) 57. Re3 Ra4 (57... Kd4 {Ftacnik} 58. Re8 Kd5 59. Kg4 $18) 58. Re7
(58. Re7 {Ftacnik} Rb4 59. Rg7 Rb6 60. Kg4 Ke5 61. Kg5 $18 (61. Kg5 {Hecht} Rb2
62. g4 $18)) 1-0

[Event "Beersheba 16th"]
[Site "Beersheba"]
[Date "1997.03.03"]
[Round "7"]
[White "Kortschnoj, Viktor Lvovich"]
[Black "Greenfeld, Alon"]
[Result "1-0"]
[WhiteElo "2635"]
[BlackElo "2520"]
[Annotator "Knaak,R"]
[PlyCount "93"]
[EventDate "1997.02.24"]
[EventType "tourn"]
[EventRounds "11"]
[EventCountry "ISR"]
[EventCategory "12"]
[SourceTitle "CBM 058"]
[Source "ChessBase"]
[SourceDate "1997.06.01"]
[SourceVersion "1"]
[SourceVersionDate "1997.06.01"]
[SourceQuality "1"]

1. d4 {Kortschnoj} Nf6 2. c4 e6 3. Nc3 Bb4 4. e3 c5 5. Nge2 cxd4 6. exd4 O-O 7.
a3 Be7 8. g3 {Ein solider Zug, der weniger gespielt wird als 8.d5 (>100
Partien) und 8.Nf4 (<100 Partien). Ich glaube jedoch, daß nur 8.d5! wirklich
geeignet ist, Eröffnungsvorteil zu realisieren.} (8. d5 {Kortschnoj} exd5 9.
cxd5 Re8 10. d6 Bf8 11. g3 Re6 $44) 8... d5 9. cxd5 Nxd5 10. Bg2 Nxc3 11. bxc3
Nc6 $1 12. O-O Na5 13. Nf4 Bd7 14. Rb1 Rc8 (14... Qc7 15. c4 Rad8 16. Qh5 g6
17. Qh6 Rfe8 18. d5 Bf8 19. Qh4 Be7 20. Qh6 Bf8 21. Qh4 {1/2-1/2 Kristensen,
B-Dzindzichashvili,R/Saint John op-2 1988/CBM 06}) (14... Bc6 $2 {Kortschnoj}
15. Bxc6 bxc6 16. Qa4 $14) 15. Re1 b6 (15... Rxc3 16. d5 $36) 16. d5 Bc5 $5 ({
Gegen} 16... exd5 {spricht eigentlich auch nichts.} 17. Nxd5 (17. Bxd5 Bf5)
17... Be6 $13) 17. Qh5 Nc4 (17... exd5 18. Bxd5 $13) (17... Qf6 $5 {Kortschnoj}
) 18. dxe6 Bxe6 19. Nxe6 fxe6 {[%cal Rf8f2]} 20. Bf4 Bxf2+ $5 (20... Nxa3 21.
Be4 h6 22. Qg6 Rxf4 $13) (20... e5 {Kortschnoj} 21. Be4 g6 22. Bxg6 Qd7 23.
Rbd1 (23. Rxe5 $2 Nxe5 24. Bxe5 Bxf2+ 25. Kg2 Qc6+ $19) 23... hxg6 24. Qxg6+
Qg7 25. Qe6+ Qf7 26. Qg4+ $11) 21. Kxf2 Rc5 22. Qg4 (22. Qh3 e5 23. Be4 g6) (
22. Qe2 {Kortschnoj} e5 23. Rbd1 Qf6 24. Bd5+ Kh8 25. Bxc4 exf4 $44) (22. Qd1 {
Kortschnoj} Qxd1 23. Rbxd1 g5 $11) 22... e5 23. Qe6+ Kh8 24. Rbd1 Qc8 25. Qxc8
Rcxc8 26. Rd7 $1 exf4 27. gxf4 (27. Ree7 $11 {Kortschnoj}) 27... Rxf4+ {
Die Wogen haben sich geglättet; Schwarz hat einen Bauern mehr und spielt auf
Gewinn, aber die Chancen dafür sind nicht sehr hoch.} 28. Kg1 Nxa3 29. Ree7 Rg4
30. h3 Rg5 31. Kh2 Nb5 $2 (31... h5 $15) 32. c4 h6 $5 (32... Na3 33. Bb7 Rf8
34. Rf7 Re8 35. Rde7 Rd8 36. Bd5 a5 37. h4 Rg4 38. Kh3 Rg1 39. Bg2 Rg8 40. Bd5
{hat höchstens Weiß Gewinnchancen.}) 33. h4 $1 (33. cxb5 $2 Rc2 $17) 33... Rg4
34. Bh3 Rcxc4 (34... Rgxc4 35. Rxg7 Rc2+ 36. Bg2 Rf2 (36... R8c7 $11 {
Kortschnoj}) 37. Rh7+ Kg8 38. Kg3 Rf5 $13) 35. Bxg4 Rxg4 {Eine interessante
Materialkonstellation; wer steht eigentlich besser und warum?} 36. Kh3 Rg1 37.
h5 Rh1+ $6 $138 (37... Rg5 38. Kh4 Kh7 39. Re8 Rg1 40. Rdd8 g5+ 41. hxg6+ (41.
Kh3 $6 Rh1+ 42. Kg4 Rh4+ 43. Kf3 (43. Kf5 Nd4+ 44. Kf6 Rf4+ 45. Ke5 Nc6+ $19)
43... Rxh5) 41... Rxg6 $11) 38. Kg4 Rg1+ 39. Kf4 Rg5 $2 {Erst dieser Zug gibt
Weiß reelle Gewinnchancen.} (39... Rf1+ $142 {Kortschnoj}) 40. Re5 $1 Rxe5 41.
Kxe5 Kh7 $2 {Kortschnoj: The last in a serie of bad time-trouble-moves.41...a5
was much better. Schwarz hat für diesen Zug noch Zeit und sollte ihn erst
spielen, wenn Weiß Kf5 gespielt hat.} (41... Nc3 $6 42. Rxa7 $1 Kh7 43. Ra3 {
Weiß sollte gewinnen. Er hat noch einen Bauern, aber es gibt auch das Motiv
des Springerfangs, falls dieser nicht zu seinem König zurück kann.}) (41... a5
$1 42. Rb7 $1 (42. Kf5 Kh7 43. Ke6 a4 44. Kf7 a3 45. Kf8 Kh8 46. Rxg7 a2 47.
Rg1 Nc3 48. Kf7 b5 $11 49. Kg6 $2 Kg8 $1 50. Kxh6+ Kf7 51. Rf1+ Ke6 52. Kg7 (
52. Kg6 b4 53. h6 b3 54. h7 b2 $19) 52... Kd5 53. h6 Nb1 $19) 42... Na3 $1 43.
Kd4 b5 44. Ra7 a4 45. Rb7 b4 46. Kd3 b3 47. Rb4 Kh7 48. Kc3 Nb1+ 49. Kb2 Nd2
50. Rxa4 Nf3 51. Kxb3 Ne5 52. Ra7 Ng4 53. Kc4 Nf6 54. Ra5 g5 $11) (41... a5
$142 {Kortschnoj}) 42. Ke6 $18 Nc3 43. Kf7 Ne4 (43... a5 44. Kf8 Kh8 45. Rxg7
Nd5 46. Rg4 b5 47. Kf7 $18) 44. Kf8 Kh8 45. Rxg7 Ng5 (45... Nf6 46. Rg6 $18)
46. Rxa7 b5 (46... Ne6+ {Kortschnoj} 47. Kf7 Nf4 48. Ra4 Nxh5 49. Rh4 $18) 47.
Ra6 (47. Ra6 Kh7 48. Rb6 Nh3 49. Kf7 Ng5+ 50. Kf6 Ne4+ 51. Ke6 Kg7 52. Rxb5 Kh7
53. Rb7+ Kg8 54. Rb4 Ng5+ 55. Kf6 Kh7 56. Rb7+ Kg8 57. Kg6 $18) 1-0

[Event "Beersheba 16th"]
[Site "Beersheba"]
[Date "1997.03.06"]
[Round "10"]
[White "Kortschnoj, Viktor Lvovich"]
[Black "Tseitlin, Mark D"]
[Result "1-0"]
[WhiteElo "2635"]
[BlackElo "2505"]
[Annotator "Ribli,Z"]
[PlyCount "109"]
[EventDate "1997.02.24"]
[EventType "tourn"]
[EventRounds "11"]
[EventCountry "ISR"]
[EventCategory "12"]
[SourceTitle "CBM 058"]
[Source "ChessBase"]
[SourceDate "1997.06.01"]
[SourceVersion "1"]
[SourceVersionDate "1997.06.01"]
[SourceQuality "1"]

1. Nf3 Nf6 2. c4 g6 3. Nc3 d5 {Wenn Schwarz Grünfeldindisch spielen will, hat
er keine Alternative, denn nach 3...Bg7 kann Weiß 4.e4 spielen, und Grünfeld
ist nicht mehr möglich.Ribli.} 4. cxd5 Nxd5 5. Qa4+ {Das ist die Zugfolge der
sogenannten "Anti-Grünfeld"-Variante. Weiß hofft, daß er mit seinem
Damenschach die normale schwarze Entwicklung stören kann.Ribli.} Bd7 {
Heutzutage ist nur dieser Zug in Mode.Ribli.} (5... Nc6 6. Ne5 Ndb4 7. a3 Bg7
8. axb4 Bxe5 9. b5 Nb8 10. e3 O-O 11. d4 Bg7 12. Be2 a6 13. O-O c6 {Das ist
eine andere Hauptvariante. Meiner Meinung nach hat Schwarz keinen vollen
Ausgleich.Ribli.}) 6. Qc2 (6. Qh4 $5) 6... Nb4 $5 (6... Nb6 7. d4 Bg7 8. e4 (8.
Bf4 {Führt zu ähnlichen Stellungen wie in der Grünfeldindischen Verteidigung.
Ribli.})) 7. Qb3 N8c6 (7... c5 8. e3 $6 (8. a3 Be6 9. Qa4+ Bd7 10. Qb3 (10. Qd1
N4c6 11. e3 (11. d4 cxd4 12. Nxd4 Bg7 13. Be3 O-O 14. g3 Nxd4 15. Bxd4 Bc6 $1)
11... Bg7 12. d4 (12. d3 $5) 12... cxd4 13. exd4 Bg4 $36) 10... Be6 $11 {
Ksieski,Z-Khenkin,I/Moscow II/1990/}) (8. Ne4 Qa5 $5 (8... N8a6 9. e3 Qa5 10.
Ne5 Be6 11. Bc4 Bxc4 12. Qxc4 e6 13. O-O Be7 14. b3 Nd5 15. Bb2 $14 {[%cal
Rb2h8] Piket,J-Kouatly,B/Cannnes/1990/})) 8... Be6 9. Qa4+ N8c6 10. d4 Bf5 11.
Bb5 Nc2+) 8. a3 Be6 9. Qd1 $146 (9. Qa4 Nd5 10. Ne5 Nxc3 11. dxc3 Qd5 12. Nxc6
Qxc6 13. Qxc6+ bxc6 14. Be3 Bb3 $1 $11 {Benjamin,J-Lputian,S/Moscow-A/1987/
Obwohl Schwarz den Doppelbauern c7-c6 hat, paralysiert sein Bb3 die weiße
Initiative, und die Stellung befindet sich in dynamischem Gleichgewicht.Ribli.}
) 9... Nd5 10. e4 Nxc3 11. bxc3 Bg7 12. d4 {[%csl Yd4,Ye4] Endlich hat Weiß
ein starkes Zentrum, aber bis jetzt hat er ein paar Tempi mit seiner Dame
verloren, und seine Figuren sind noch nicht so gut entwickelt.Ribli.} Na5 {
[%cal Ga5c4,Ga5b3] Ein typischer Zug in solchen Stellungen. Schwarz droht
c7-c5 gegen das weiße Zentrum zu spielen. Von a5 kontrolliert er auch die
Punkte c4 und b3, weil Weiss schon a2-a3 gespielt hat.Ribli.} 13. Rb1 O-O 14.
Be2 c5 15. O-O Rc8 (15... cxd4 16. cxd4 Ba2 17. Rb2) (15... Qc7 {[%cal Gc7f4]
Dieser Zug läßt Weiß nicht zu Bf4 kommen.Ribli.} 16. d5) 16. d5 Bg4 17. Qc2 (
17. c4 Bxf3 18. Bxf3 Nxc4 19. Rxb7 $13) 17... e5 18. c4 b6 {[%cal Ya5b7,Yb7d6]
Schwarz muß diesen Zug ausführen, sonst steht sein Springer sinnlos auf a5.
Das mögliche Springermanöver Na5-b7-d6 ist auch typisch für solche Stellungen.
Ribli.} 19. Ng5 Bxe2 (19... Bd7 $5) 20. Qxe2 h6 {Es ist besser für Schwarz,
diesen Zug sofort zu spielen. Weiß kann nicht 21.Nf3 spielen, weil der Vorstoß
f2-f4 unmöglich wird.} (20... Qd7 21. f4 h6 22. Nf3) 21. Nh3 Qd7 22. f4 exf4 (
22... Qa4 23. f5 Qxc4 24. Qg4 g5 (24... gxf5 25. Rxf5 Qc2 (25... Kh7 26. Bxh6
$1 Bxh6 27. Ng5+ Bxg5 28. Rxg5 $18) 26. Bxh6 Qxb1+ 27. Rf1 $18) 25. f6 $18) 23.
Bxf4 Rce8 24. Qc2 Re7 (24... f5 $5 $13 {Ich glaube, daß dieser direkte Zug
Schwarz mehr Gegenchancen bietet.Ribli.}) 25. Nf2 f5 26. Bd2 Nb7 (26... Bd4 $5
27. Bxh6 Rfe8 $44 {[%csl Re4]}) 27. Rbe1 Rfe8 $6 (27... Nd6 $5 $13) 28. Bc3
Bxc3 29. Qxc3 fxe4 30. Qf6 $44 {[%cal Rf6g6]} e3 (30... Qd6 31. Nxe4 (31. Ng4
$1 Qxf6 (31... Kh7 32. Qxd6 (32. Qc3 $1 $40 {[%csl Rf6]}) 32... Nxd6 33. Nf6+
Kg7 34. Nxe8+ Rxe8 $44 {Es ist wahr, daß Schwarz eine Qualität verloren hat,
aber sein Springer steht besonders gut, und die weißen Türme haben keine
gefährliche Aktivität.Ribli.}) 32. Nxf6+ $16) 31... Rxe4 32. Qf7+ Kh8 33. Qxe8+
$2 (33. Rxe4 Rxe4 34. Qxb7 $11) 33... Rxe8 34. Rxe8+ Kg7 $17) 31. Nh3 Qd6 32.
Qh4 Kg7 $2 (32... g5 $8 {Dieser Zug ist zwar nicht schön, da er die
Königsstellung schwächt, aber er nimmt dem weißen Springer das Feld f4.Ribli.}
33. Qg4 (33. Qh5 Nd8) 33... Re4 34. Qf5 Qe7 (34... Nd8 $5) 35. d6 Qxd6 (35...
Nxd6 36. Qg6+ $40) (35... Qe6 36. d7) 36. Qf7+ Kh8 37. Qxb7 $16) 33. Nf4 Nd8
34. Rf3 $40 {Trotz seines Minusbauern besitzt Weiß gefährliche Initiative. Der
schwarze Freibauer ist gut blockiert.Ribli.} Re4 35. Qg3 Kh7 {[#]} (35... Nf7
36. Nh5+ Kh8 37. Rxf7 Qxg3 38. Nxg3 $18) 36. Nh5 $1 {Mit dieser kleinen
Kombination gewinnt Weiß eine Qualität, und der schwarze e-Bauer ist nicht zu
halten.Ribli.} Qxg3 37. Nf6+ Kg7 38. hxg3 Nb7 39. Nxe8+ Rxe8 40. Rfxe3 Rxe3 41.
Rxe3 Kf7 $5 (41... Nd6 $6 42. Re7+ Kf6 (42... Kf8 43. Rxa7 (43. Re6)) 43. Re6+
$18) 42. a4 {Da Schwarz einen Springer hat, könnte er in späteren Varianten
eventuell Nd6-Nxc4-Nxa3 spielen. Dieser Zug ist daher immer nützlich für Weiß.
Ribli.} Nd6 43. Kf2 Nxc4 44. Re4 {In solchen Endspielen (Turm gegen Springer)
reicht gewöhnlich ein starker Freibauer - in unsere Partie der Pd5 - zum
Gewinn. Ich möchte darauf hinweisen, daß der schwarze König wegen des
dominierenden Turmes auf der e-Linie beschränkte Aktivität besitzt.Ribli.} Nd6
45. Re6 Ne8 46. Kf3 {Mit aktivem König und Turm gewinnt Weiß.Ribli.} Nf6 47.
Re5 Ne8 (47... Nd7 48. Re1 Kf6 (48... Nf6 49. d6 $18) 49. Re6+ Kf5 (49... Kf7
50. Kf4 Nf6 51. Ke5) 50. g4+ Kg5 51. Re7 Nf6 52. d6 $18) 48. Kf4 g5+ (48... Nd6
49. Re6) 49. Kf3 $5 (49. Ke4 Nd6+) 49... Nd6 50. Re6 Nc4 (50... Ne8 51. Ke4)
51. Ke4 Nd2+ 52. Ke5 $18 Nc4+ 53. Kf5 Na5 54. d6 Nc6 55. Rxh6 {Und in dieser
hoffnungslosen Stellung gab Schwarz auf.Ribli.} 1-0

[Event "Enghien les Bains 2nd"]
[Site "Enghien les Bains"]
[Date "1997.03.15"]
[Round "2"]
[White "Kortschnoj, Viktor Lvovich"]
[Black "Fontaine, Robert"]
[Result "1-0"]
[WhiteElo "2635"]
[BlackElo "2320"]
[Annotator "Lutz,C"]
[PlyCount "93"]
[EventDate "1997.03.14"]
[EventType "tourn"]
[EventRounds "9"]
[EventCountry "FRA"]
[EventCategory "10"]
[SourceTitle "CBM 058"]
[Source "ChessBase"]
[SourceDate "1997.06.01"]
[SourceVersion "1"]
[SourceVersionDate "1997.06.01"]
[SourceQuality "1"]

1. d4 d5 2. c4 c6 3. Nf3 Nf6 4. Nc3 e6 5. Bg5 h6 6. Bxf6 Qxf6 7. e3 Nd7 8. Bd3
dxc4 9. Bxc4 g6 10. O-O Bg7 11. Rc1 O-O 12. e4 e5 13. d5 Nb6 14. dxc6 $1 {
Dies ist die Pointe von 12.e4} bxc6 (14... Nxc4 $2 15. Nd5 Qd6 16. Rxc4 bxc6
17. Rxc6) 15. Be2 $14 {Diese Struktur ist etwas besser für Weiß.} Be6 (15...
Rd8 16. Qc2 Bg4 17. Nb1 $5 Bxf3 18. Bxf3 Rd6 19. Nd2 $14 {1/2-1/2 Van der
Sterren,P-Kamsky,G/Wijk cm3 1994 (32)}) 16. Qc2 Rfd8 17. Nd1 Rac8 18. Ba6 Rb8
19. Ne3 h5 20. b3 {Schwarz wird nun langsam, aber sicher vom Brett geschoben.}
Rd6 21. Rfd1 Rbd8 22. Rxd6 Rxd6 23. Bb7 Bg4 24. Ne1 Bh6 25. Bxc6 Bxe3 26. fxe3
Qd8 27. Qc3 f6 28. Bb5 Rd1 29. h3 Be6 30. Be2 Rxc1 31. Qxc1 Kg7 32. Nd3 Qd6 33.
Qc5 Qxc5 34. Nxc5 Bc8 35. b4 Kf7 36. Bb5 Ke7 37. Kf2 g5 38. Ke1 Na8 39. Kd2 Nc7
40. Be2 h4 41. Kc3 Kd6 42. a4 f5 43. exf5 Nd5+ 44. Kd2 Ke7 45. b5 Nf6 46. Bd3
Nh5 47. a5 1-0